000 00566nam a2200241 a 4500
001 nice12345678
003 IN_TiNIC
005 20260116011313.0
008 050524s1898 lona grp 000 0 eng
020 _a
_c100
082 0 0 _a291
_bGED
100 _aGeden, A S
245 _aStudies in Comparative Religion.
260 _aLondon
_bCharles H Kelly
_c1898
300 _a312p
500 _aincludes index and biblioraphy
505 2 _aIndex
650 _aComparative Religion
700 1 _aGeden, A S
902 _bSRS
942 _cBK
999 _c336
_d336